| 000 | 00423nam a22001337a 4500 | ||
|---|---|---|---|
| 040 | _cNUST | ||
| 082 | _a200 THE | ||
| 100 |
_a Ayesha Kiran _984302 |
||
| 110 |
_aSupervisor Dr. Usman Qamar _984303 |
||
| 245 | _aTH-SOF-1744-Regression Test Suites Optimization Using TLBO Based Adaptive Neuro-Fuzzy Inference System | ||
| 260 |
_aISLAMABAD: _b NUST COLLEGE OF EME, _c2020. |
||
| 650 |
_aMS-CSE-17 _986614 |
||
| 942 |
_2ddc _cTHE |
||
| 999 |
_c586803 _d586803 |
||